000 00715nam a2200229 a 4500
001 48720
003 BD-RjUL
005 20211209054556.0
008 160816s1966 BG |||| |||| 00| 0 ben d
020 _c:TK. 3.00
035 _a(BD-RjUL)48839
040 _aBD-RjUL
_bben
_cBD-RjUL
041 _aben
082 _223
_a891.441
_bMAK 1966
100 1 _aমাহমুদ, আল
_9147021
245 1 0 _aকালের কলস /
_cআল মাহমুদ
260 _aচট্টগ্রাম :
_bবই ঘর,
_c১৯৬৬
300 _a[৮], ৮৪ পৃ ;
_c১৯ সেমি.
650 _aবাংলা কবিতা
_9146440
650 _aBengali Poetry
_9146441
942 _2ddc
_cBK
_01
999 _c48720
_d48720